Memoirs of a Maryland volunteer (Record no. 3259)

MARC details
000 -CABECERA
campo de control de longitud fija 00675nam a2200229 a 4500
001 - NÚMERO DE CONTROL
campo de control BRCA_3524
005 - FECHA Y HORA DE LA ÚLTIMA TRANSACCIÓN
campo de control 20190320204323.0
008 - DATOS DE LONGITUD FIJA--INFORMACIÓN GENERAL
campo de control de longitud fija 260709s1873----u--a---###---#000-0#eng-#
041 ## - CÓDIGO DE LENGUA
Código de lengua del texto/banda sonora o título independiente eng
044 ## - CÓDIGO DEL PAÍS DE LA ENTIDAD EDITORA/PRODUCTORA
Código MARC del país u
050 #4 - SIGNATURA TOPOGRÁFICA DE LA BIBLIOTECA DEL CONGRESO
Número de clasificación E411
Número de documento/Ítem .K46 1873
100 1# - ENTRADA PRINCIPAL--NOMBRE DE PERSONA
Nombre de persona Kenly, John Reese
Fechas asociadas al nombre 1822-1891.
9 (RLIN) 9155
245 10 - MENCIÓN DE TÍTULO
Título Memoirs of a Maryland volunteer
Resto del título War with Mexico, in the years 1846-7-8
Mención de responsabilidad, etc. by John R. Kenly.
260 ## - PUBLICACIÓN, DISTRIBUCIÓN, ETC.
Lugar de publicación, distribución, etc. Philadelphia : Pensilvania
Nombre del editor, distribuidor, etc. J.B. Lippincott
Fecha de publicación, distribución, etc. 1873
300 ## - DESCRIPCIÓN FÍSICA
Extensión 521 p.
Otras características físicas il.
Dimensiones 22 cm.
500 ## - NOTA GENERAL
Nota general Incluye apéndice.
500 ## - NOTA GENERAL
Nota general B128
651 #4 - PUNTO DE ACCESO ADICIONAL DE MATERIA--NOMBRE GEOGRÁFICO
Nombre geográfico México
Subdivisión general Historia.
9 (RLIN) 614
651 #4 - PUNTO DE ACCESO ADICIONAL DE MATERIA--NOMBRE GEOGRÁFICO
Nombre geográfico Estados Unidos
Subdivisión general Historia.
9 (RLIN) 9156
902 ## - CATALOGADOR
Iniciales GFM
942 ## - ELEMENTOS DE PUNTO DE ACCESO ADICIONAL (KOHA)
Fuente del sistema de clasificación o colocación Library of Congress Classification
Tipo de ítem Koha Libros
Holdings
Estado de retiro Estado de pérdida Estado dañado No para préstamo Localización permanente Ubicación/localización actual Fecha de adquisición Número de inventario Total de préstamos Signatura topográfica completa Código de barras Fecha visto por última vez Precio válido a partir de Tipo de ítem Koha
El ejemplar forma parte de la colección y puede ser consultado según las políticas vigentes.       Biblioteca del Museo Franz Mayer (Rogerio Casas-Alatriste) Biblioteca del Museo Franz Mayer (Rogerio Casas-Alatriste) 26/07/2009 B128   E411 .K46 1873 (B128) 3521 22/03/2019 22/03/2019 Libros